000 02191nam a22003137a 4500
999 _c21920
_d21920
003 AR-CdUCM
008 190425b ||||| |||| 00| 0 spa d
040 _aMUNICIPALIDAD PROVINCIAL DEL CUSCO
_cBIBLIOTECA MUNICIPAL DEL CUSCO
082 _aRev.Anto/N°108/2006
110 _aUniversidad Nacional de San Antonio Abad del Cusco
_915942
245 _aEl Antoniano :
_bRevista científico cultural de la Universidad Nacional de San Antonio Abad del Cusco /
_cHugo Bonet Rodríguez, director
260 _aCusco :
_bUNSAAC,
_c2006.
300 _a103 páginas. :
_bilustraciones ;
_c29 cm.
440 _aEl Antononiano.
_nAño 16, N°108, marzo 2006.
_946848
505 _aContenido: Mirando la historia de San Antonio en su aniversario. -- Bolivia el debate de las autonomías regionales. -- El débil desarrollo humano y los levantamientos sociales. -- El matrimonio entre los Huarqui. -- Relaciones de genero y fecundidad prioridad para las futuras investigaciones. -- La filosofía inka. -- La antropología política en el Perú de hoy. -- profesiones del futuro. -- estudiantes de maestría en la UNSAAC. -- La movilidad reflexiva de la actividad académica un enfoque filosófico. -- Entre la piedra y los andes Ollantaytambo. -- Canon gasífero y desarrollo regional. -- Tendido de gas Camisea Cusco. -- La calidad de aire en el Cusco. -- Geometría símbolo y el caos en la arquitectura. -- Simulación de procesos químicos. -- Lucre Huacarpay centro de protección para especies de aves migratorias. -- Problemas éticos y legales en los pacientes con problemas de salud mental. -- El quijote de 1605. -- Apreciaciones sobre los altomesayoc.
650 _aFolklore cusqueño
_98693
650 _aIdentidad cultural
_92943
650 _aInkas
_91899
650 _aAntropología cusqueña
_945862
700 _aFlores Ochoa, Jorge
_92915
700 _aMorvelí Salas, Mario
_97203
700 _aParedes Pando, Oscar
_914521
700 _aPilares Villa, Rubén
_946820
700 _aValenzuela Lovón, Armando
_91192
700 _aCornejo Muñoz, Rina
_946097
710 _aUniversidad Nacional de San Antonio Abad del Cusco
_915942
942 _2ddc
_cPP
945 _arac